Láska na první zprávu /

Milostný román s kapkou erotiky. Delia a Zach dílem osudu zjistí, kam až je může zavést jedna zpráva na špatné číslo.

Uloženo v:
Série:Texting, část 1
Hlavní autor: Hunter, Teagan (Autor)
Další autoři: Valentová, Martina, 1989- (Autor)
Médium: Kniha
Jazyk:Czech
Vydáno: V Praze : Baronet, 2026
Vydání:1. vydání
Témata:
Celkem bylo vypůjčeno:1x
Příbuzné jednotky:Z cyklu:: Texting
Tagy:
Žádné tagy
LEADER 02377nam a2200457 i 4500
001 106490
003 CZ PrSKC
005 20260604155923.0
007 ta
008 260518s2026 xr e 000 f cze
015 |a cnb003758586 
020 |a 9788026928881  |q (brožováno) :  |c Kč 399,00 
040 |a ABG001  |b cze  |e rda 
041 1 |a cze  |h eng 
072 7 |a 821.111(73)-3  |x Americká próza  |2 Konspekt  |9 25 
080 |a 821.111(73)-31  |2 MRF 
080 |a (0:82-312.5)  |2 MRF 
080 |a (0:82-31)-055.2  |2 MRF 
100 1 |a Hunter, Teagan  |7 xx0345333  |4 aut  |9 117430 
240 1 0 |a Let's get textual.  |l Česky 
245 1 0 |a Láska na první zprávu /  |c Teagan Hunter ; z anglického originálu Let's get textual ... přeložila Martina Valentová 
250 |a 1. vydání 
264 1 |a V Praze :  |b Baronet,  |c 2026 
300 |a 303 stran ;  |c 20 cm 
336 |a text  |b txt  |2 rdacontent 
337 |a bez média  |b n  |2 rdamedia 
338 |a svazek  |b nc  |2 rdacarrier 
520 2 |a Milostný román s kapkou erotiky. Delia a Zach dílem osudu zjistí, kam až je může zavést jedna zpráva na špatné číslo.  |b Jedna omylem poslaná zpráva. Číslo, které měla okamžitě smazat. Jenže pak přišla odpověď. A pak další. A další. Zach Hastings je vtipný, drzý, sice trochu nerd, ale zato nebezpečně přitažlivý. Přesně ten typ muže, který ví, co napsat, aby se ženě zrychlil tep jen skrze displej mobilního telefonu. Neviděli se, neznají se a rozhodně by spolu neměli flirtovat do pozdních hodin. Jenže zprávy jsou pořád odvážnější a napětí mezi nimi houstne. Bude ale jejich chemie ve skutečnosti stejně žhavá jako mezi řádky? Nakladatelská anotace. 
655 7 |a americké romány  |7 fd131796  |2 czenas  |9 53403 
655 7 |a milostné romány  |7 fd132840  |2 czenas  |9 53718 
655 7 |a romány pro ženy  |7 fd187897  |2 czenas  |9 115 
655 9 |a American fiction  |2 eczenas 
655 9 |a love novels  |2 eczenas 
655 9 |a women's novels  |2 eczenas 
700 1 |a Valentová, Martina,  |d 1989-  |7 kv2017942094  |4 trl  |9 108104 
710 2 |a Baronet (nakladatelství)  |7 xx0220126  |4 pbl  |9 117170 
787 0 8 |i Z cyklu:  |t Texting  |g 1 
910 |a UOG502 
942 |2 ddc  |c KN 
999 |d 106490 
993 |0 0  |1 421180107210  |2 ddc  |4 0  |7 0  |9 99934  |b 0  |c 107210  |d 2026-06-04  |e 1  |f DOSP  |h 399.00  |i Koupě  |l DOSP  |q 2026-07-17  |r 2026-06-05  |s 2026-06-05  |t 6  |w 2026-06-04  |y KN  |z BELET  |n